000 00393nam a22001697a 4500
005 20260408110318.0
008 160627b xxu||||| |||| 00| 0 eng d
020 _a978-0-7528-5851-7
041 _aeng
082 _a813.54
100 _aLudlum, robert
_92887
245 _aThe Bourne Supremacy
260 _bOrim Fiction
300 _a679
650 _aAmerican fiction
_98938
942 _cBK
999 _c4210
_d4209